000 00410nam a2200181Ia 4500
001 693
005 20260306140536.0
008 260306t2011||||xx |||||||||||||| ||spa||
041 _aESP
082 _a141.2
_bA91
100 _aAverroes
_eAUT
245 0 _aExposición de la república de Platón
260 _c2011
300 _apágs. :
_ccm.
650 _aGEN
654 _aCHU
942 _cLIB
_dJUS
_fJUS
_2ddc
_n
999 _c693
_d693